| 000 | 01658nam a22002657a 4500 | ||
|---|---|---|---|
| 999 |
_c6654 _d6654 |
||
| 003 | OSt | ||
| 005 | 20200328185821.0 | ||
| 008 | 200317q2012 sp a|||br|||| 00| j spa d | ||
| 020 | _a9788499156958 | ||
| 040 |
_aCO-JMCR _cCO-JMCR |
||
| 041 | 0 | _aspa | |
| 082 | 0 | 4 |
_aC / _bMORm |
| 100 | 1 |
_aMorata, Mati, _eautor _91640 |
|
| 245 | 1 | 0 |
_aMami, ¿a que María no es tonta? : _buna historia sobre el síndrome de down / _cMati Morata ; ilustraciones de Jesús García Vidal |
| 260 |
_a[Granada, España] : _bEditorial GEU, _c[2012] |
||
| 300 |
_a46 páginas : _bprincipalmente ilustraciones a color ; _c21 cm. x 22 cm. |
||
| 490 | 0 | _aCuentos para educar en valores | |
| 490 | 0 | _aColección lectores iniciados | |
| 490 | 0 | _aCuentos con corazón | |
| 520 | 0 | _aUna historia llena de ternura, pensada para que los niños comprendan y sientan empatía hacia aquellos otros seres que, en su peculiar mirada e la realidad, no ofrecen sino una perspectiva más, interesante, curiosa y enriquecedora. La peripecia vital de María, en su lento aprendizaje para montar en bicicleta, es la viva imagen de todos, que, con su mayor o menor lentitud, con caídas y vientos en contra, con o sin síndrome de Down, pero con tesón, cariño y sonrisas oportunas, acaban llegando a la meta. El conocimiento, como paso previo a la aceptación de quienes son diferentes, permite que superemos actitudes discriminatorias e intolerantes y contribuyamos al desarrollo de una sociedad más democrática y solidaria. | |
| 650 | 1 | 4 |
_aCuento español _91641 |
| 650 | 1 | 4 |
_aSíndrome de down -- _xcuento _91642 |
| 700 |
_aGarcía Vidal, Jesús, _eilustrador _91643 |
||
| 942 |
_2ddc _cBK |
||